000 00486nam a22001577a 4500
005 20231026092107.0
008 231026b |||||||| |||| 00| 0 eng d
041 _aAfrikaans
082 _a346.7 SOU
100 _lAfrikaans
245 _aSuid-Afrikaanse Regskommissie Ondersoek na die regsgevolge van opskortende voorwaardes by koopkontrak
260 _c1986
300 _bvi, 23 pages ;
_c25, 8 cm.
650 _aLegal practice
_bLaw
942 _cBK
_6ALISON_BN_VRIES
999 _c77
_d77